02045nam a2200241Ia 4500001000400000008004100004010000800045041001400053082002100067245012600088260001800214300000700232520000700239630002800246630001900274630001400293630001600307650001500323700003600338700003400374700004400408520135100452953241029s9999 xx 000 0 und d a873 aEspañol aTPG MCE -07 2005 0aPropuesta curricular de Especialidad en Medio Masivos de Comunicación para el desarrollo de competencias profesionales  aSanto Domingo a93 a18 aCompetencia Profesional aComunicación aEgresados aFormación aCurriculum easesoraColunga Santos , Silvia eautoraJavier Campos, Lourdes easesoraMachado Durán, María Teresa aUn mundo de competencias no escatima en seleccionar al profesional que posea las capacidades, habilidades, aptitudes y actitudes que satisfagan las necesidades de las empresas de hoy y del futuro.  Ese campo laboral precisa de personas dinámicas, emprendedores e innovadores que impulsen el desarrollo y se mantengan a la vanguardia de lo que la sociedad requiere.  Esta investigación pretende hacer una contribución desde la capacitación del egresado de publicidad y de áreas afines en medios masivos de comunicación al desarrollo de sus competencias profesionales desde una propuesta curricular de Especialidad.  La propuesta en cuestión está enfocada a la formación laboral y la académica con énfasis en la primera y está organizada en tres módulos de frecuencia cuatrimestral con los cuales se puede favorecer el desarrollo de competencias profesionales para un desempeño profesional exitoso.  Para llegar a este resultado fueron utilizados básicamente los métodos histórico-lógico y de análisis y síntesis, además de la implementación de encuestas, entrevistas y observación.  Los resultados obtenidos fueron sometidos a criterio de especialistas del sector educativo, de la publicidad y de medios masivos de comunicación quienes consideraron factible la implementación de la propuesta.